01449nam a2200337 a 450000100060000000300100000600500170001600700030003300800410003602000180007704000350009504300220013008200220015224501520017425000740032630000810040033600290048133700330051033800280054349000820057150000570065350400290071065000560073965000430079565000760083865000490091465000410096370000370100470000350104170000350107660511CO-BoRNBP20260217194002.0ta180405s2016 ck abd gr 00010 spa d a9789588889900 aCO-BoBLA bspa cCO-BoBLAerda as------ as-ck---04a581.76 bM67 21900aMorichales cananguchales y otros palmares inundables de Suramérica :bparte II, Colombia, Brasil, Perú, Bolivia, Paraguay, Uruguay y Argentina. aCarlos A. Lasso, Giuseppe Colonnello y Mónica Moraes R. (editores). a573 páginas : bilustraciones, mapas, gráficas, fotografías ; c24 cm. 2rdacontenidoatextobtxt 2rdamedioasin mediaciónbn 2rdasoporteavolumenbnc0 aSerie recursos hidrobiológicos y pesqueros continentales de Colombia ; v14 aHomenaje a Gloria Galeano y Jean-Christophe Pintaud. aIncluye bibliografías. 7aPlantas acuáticasz Amazonas (Región).2BLAAUTO 7aPalmasz Amazonas (Región).2BLAAUTO 7aConservación de los recursos naturaleszAmazonas (Colombia).2BLAAUTO 7aVegetaciónz Amazonas (Región).2BLAAUTO 7aFaunazAmazonas (Colombia).2BLAAUTO1 aLasso, Carlos Andrés,eeditor.1 aColonnello, Giuseppe,eeditor.1 aMoraes R., Mónica,eeditora.